Ergonomía, diseño y tiempo libre / (Record no. 12290)

MARC details
000 -CABECERA
campo de control de longitud fija 00870nam a22002417a 4500
003 - IDENTIFICADOR DEL NÚMERO DE CONTROL
campo de control OSt
005 - FECHA Y HORA DE LA ÚLTIMA TRANSACCIÓN
campo de control 20260530113916.0
008 - DATOS DE LONGITUD FIJA--INFORMACIÓN GENERAL
campo de control de longitud fija 260508b1988 mx ||||| |||| 00| 0 spa d
040 ## - FUENTE DE LA CATALOGACIÓN
Centro catalogador/agencia de origen ICI
Lengua de catalogación spa
Centro/agencia transcriptor ICI
050 ## - SIGNATURA TOPOGRÁFICA DE LA BIBLIOTECA DEL CONGRESO
Número de clasificación TS171.4
Número de documento/Ítem .B37 2005
100 1# - ENTRADA PRINCIPAL--NOMBRE DE PERSONA
Nombre de persona Barreto, Suzana,
Término indicativo de función/relación autora.
9 (RLIN) 34087
245 10 - MENCIÓN DE TÍTULO
Título Ergonomía, diseño y tiempo libre /
Mención de responsabilidad, etc. Suzana Barreto.
300 ## - DESCRIPCIÓN FÍSICA
Extensión 136 páginas :
Otras características físicas ilustraciones ;
500 ## - NOTA GENERAL
Nota general Obra sobre la aplicación de la ergonomía al diseño de productos y actividades recreativas.
504 ## - NOTA DE BIBLIOGRAFÍA, ETC.
Nota de bibliografía, etc. Incluye referencias bibliográficas.
650 #0 - PUNTO DE ACCESO ADICIONAL DE MATERIA--TÉRMINO DE MATERIA
Término de materia o nombre geográfico como elemento de entrada Ergonomía.
9 (RLIN) 34088
650 #0 - PUNTO DE ACCESO ADICIONAL DE MATERIA--TÉRMINO DE MATERIA
Término de materia o nombre geográfico como elemento de entrada Diseño industrial.
9 (RLIN) 15218
650 #0 - PUNTO DE ACCESO ADICIONAL DE MATERIA--TÉRMINO DE MATERIA
Término de materia o nombre geográfico como elemento de entrada Factores humanos en el diseño.
9 (RLIN) 34089
650 #0 - PUNTO DE ACCESO ADICIONAL DE MATERIA--TÉRMINO DE MATERIA
Término de materia o nombre geográfico como elemento de entrada Ocio
Subdivisión general Aspectos ergonómicos.
9 (RLIN) 34090
650 #0 - PUNTO DE ACCESO ADICIONAL DE MATERIA--TÉRMINO DE MATERIA
Término de materia o nombre geográfico como elemento de entrada Productos recreativos
Subdivisión general Diseño.
9 (RLIN) 34091
650 #0 - PUNTO DE ACCESO ADICIONAL DE MATERIA--TÉRMINO DE MATERIA
Término de materia o nombre geográfico como elemento de entrada Diseño centrado en el usuario.
9 (RLIN) 34092
942 ## - ELEMENTOS DE PUNTO DE ACCESO ADICIONAL (KOHA)
Fuente del sistema de clasificación o colocación Library of Congress Classification
Tipo de ítem Koha
Suprimir en OPAC 1

No items available.